000
00305nam a2200109Ia 4500
008
220204s9999 xx 000 0 und d
082
_a
547
_b
BUC
245
0
_a
Organic liquids: Structure, dynamics and chemical properties
260
_a
Chicheter
_b
John Wiley
_c
1978
700
_a
Buckingham, A D
942
_c
BK
999
_c
34736
_d
34736